Lois du travail au XIX\pe\s siècle / (Record no. 167952)
[ view plain ]
| 000 -LEADER | |
|---|---|
| campo de control de longitud fija | 00640nam a22001695i 4500 |
| 001 - NÚMERO DE CONTROL | |
| campo de control | 167952 |
| 003 - IDENTIFICADOR DE NÚMERO DE CONTROL | |
| campo de control | ES-MaACL |
| 005 - FECHA Y HORA DE LA ÚLTIMA TRANSACCIÓN | |
| campo de control | 20230906213636.0 |
| 008 - DATOS DE LONGITUD FIJA--INFORMACIÓN GENERAL | |
| campo de control de longitud fija | 051003s1874 be | |||||||| ||fre d |
| 040 ## - FUENTE DE CATALOGACIÓN | |
| Centro catalogador/agencia de origen | CAM |
| Lengua de catalogación | spa |
| Centro/agencia transcriptor | CAM |
| 100 1# - ENTRADA PRINCIPAL--NOMBRE DE PERSONA | |
| Nombre de persona | Wirth, Max. |
| 9 (RLIN) | 133946 |
| 245 10 - MENCIÓN DEL TÍTULO | |
| Título | Lois du travail au XIX\pe\s siècle / |
| Mención de responsabilidad, etc. | Max. Wirth; traduit de l'allemand par la baronne de Crombrugghe. |
| 260 ## - PUBLICACIÓN, DISTRIBUCIÓN, ETC. | |
| Lugar de publicación, distribución, etc. | Bruxelles ; |
| -- | Leipzig : |
| Nombre del editor, distribuidor, etc. | Librairie C. Muquardt, Merzbach & Falk, |
| Fecha de publicación, distribución, etc. | 1874 ( |
| Lugar de fabricación/manufactura | Gand : |
| Fabricante | Imprimerie de I.-S. van Dosselaere) |
| 300 ## - DESCRIPCIÓN FÍSICA | |
| Extensión | VIII, 514 p. ; |
| Dimensiones | 22 cm. |
| 700 1# - ENTRADA AGREGADA--NOMBRE PERSONAL | |
| Nombre de persona | Crombrugghe, Baronne de. |
| 9 (RLIN) | 41680 |
| 852 ## - LOCALIZACIÓN | |
| Ubicación | ES-MaACL |
| Número de control de estantería | G-7978 |
| Nota libre | -- Enc. hol. |
| Estatus retirado | Estado de pérdida | Estado de daño | No para préstamo | Colección | Biblioteca de origen | Biblioteca actual | Ubicación en estantería | Fecha de adquisición | Fuente de adquisición | Total de préstamos | Signatura topográfica completa | Código de barras | Visto por última vez | Precio de reemplazo | Tipo de ítem Koha |
|---|---|---|---|---|---|---|---|---|---|---|---|---|---|---|---|
| Libros del s. XIX | Biblioteca del Ateneo de Madrid | Biblioteca del Ateneo de Madrid | Sala Pecera Planta 3 | 17/01/2008 | G-7978 | 1176201 | 23/02/2023 | 23/02/2023 | Libro impreso antiguo |
